[Event "FRA T I 120102011"]
[Site "FRA"]
[Date "2010.10.17"]
[Round "1.5"]
[White "Cavillon, Fabien"]
[Black "Guedon, Stephane"]
[Result "1/2-1/2"]
[WhiteElo "2139"]
[BlackElo "2207"]
[PlyCount "51"]
[EventDate "2010.10.17"]
[EventType "team-match"]
[EventRounds "9"]
[EventCountry "FRA"]
[Source "FFE"]
[SourceDate "2010.10.29"]
[BlackTeamCountry "FRA"]

1. e4 c5 2. Nc3 Nc6 3. g3 g6 4. d3 Bg7 5. Be3 d6 6. Bg2 Rb8 7. Qd2 b5 8. Nge2
b4 9. Nd1 Nd4 10. O-O Bg4 11. f3 Bd7 12. Nc1 Ba4 13. Nb3 h5 14. h3 h4 15. g4 e5
16. f4 exf4 17. Bxf4 Ne6 18. Be3 Qc7 19. Qf2 Bxb3 20. axb3 Nf6 21. Bc1 Nh7 22.
Kh1 Bd4 23. Be3 Be5 24. Bc1 Bd4 25. Be3 Be5 26. Bc1 1/2-1/2

[Event "FRA T I 120102011"]
[Site "FRA"]
[Date "2010.10.17"]
[Round "1.2"]
[White "Sanchez, Joseph"]
[Black "Govciyan, Pavel"]
[Result "1/2-1/2"]
[WhiteElo "2509"]
[BlackElo "2437"]
[PlyCount "52"]
[EventDate "2010.10.17"]
[EventType "team-match"]
[EventRounds "9"]
[EventCountry "FRA"]
[Source "FFE"]
[SourceDate "2010.10.29"]
[BlackTeamCountry "FRA"]

1. e4 e5 2. Nf3 Nc6 3. Bb5 g6 4. d4 exd4 5. Bg5 Be7 6. Bxe7 Qxe7 7. Bxc6 dxc6
8. Qxd4 Nf6 9. Nc3 Bg4 10. O-O-O Bxf3 11. gxf3 O-O 12. f4 Nh5 13. f5 Rfe8 14.
Rhe1 Qe5 15. Qxe5 Rxe5 16. Rd7 Rc8 17. f4 Nxf4 18. Rf1 g5 19. h4 f6 20. Kd2 Rf8
21. Rg1 h6 22. Rxc7 Rf7 23. Rc8+ Kg7 24. Rd8 b5 25. a3 a5 26. b4 axb4 1/2-1/2

[Event "FRA T I 120102011"]
[Site "FRA"]
[Date "2010.10.17"]
[Round "1.4"]
[White "Stojanov, Stanislav"]
[Black "Zharkov, Hleb"]
[Result "1-0"]
[WhiteElo "2278"]
[BlackElo "2237"]
[PlyCount "51"]
[EventDate "2010.10.17"]
[EventType "team-match"]
[EventRounds "9"]
[EventCountry "FRA"]
[Source "FFE"]
[SourceDate "2010.10.29"]
[BlackTeamCountry "FRA"]

1. Nf3 d6 2. d4 f5 3. g3 Nf6 4. Bg2 g6 5. O-O Bg7 6. c4 O-O 7. Nc3 Qe8 8. d5
Na6 9. Nd4 Nc5 10. b4 e5 11. bxc5 exd4 12. Nb5 d3 13. exd3 Qd8 14. cxd6 cxd6
15. Bb2 a6 16. Nd4 Ne8 17. Rb1 Nc7 18. Ne2 Bxb2 19. Rxb2 Rb8 20. Qd2 b5 21.
Rfb1 Bd7 22. a4 Qf6 23. Qc3 Qe7 24. cxb5 Rfc8 25. b6 Na8 26. Qd2 1-0

[Event "FRA T I 120102011"]
[Site "FRA"]
[Date "2010.10.17"]
[Round "1.3"]
[White "Ludwig, Remi"]
[Black "Colovic, Aleksandar"]
[Result "0-1"]
[WhiteElo "2246"]
[BlackElo "2455"]
[PlyCount "47"]
[EventDate "2010.10.17"]
[EventType "team-match"]
[EventRounds "9"]
[EventCountry "FRA"]
[Source "FFE"]
[SourceDate "2010.10.29"]
[BlackTeamCountry "FRA"]

1. d4 Nf6 2. c4 e6 3. Nf3 c5 4. d5 d6 5. Nc3 exd5 6. cxd5 g6 7. Qa4+ Nbd7 8.
Bf4 a6 9. e4 Rb8 10. Bd3 b5 11. Qc2 Ng4 12. a4 b4 13. Nb1 Qe7 14. Nbd2 Bg7 15.
Nc4 Nge5 16. Nfxe5 Nxe5 17. O-O Nxc4 18. Bxc4 a5 19. Rae1 b3 20. Qd2 O-O 21. e5
dxe5 22. Be3 Rb4 23. d6 Qh4 24. Bb5 {suite illisible} 0-1

[Event "FRA T I 120102011"]
[Site "FRA"]
[Date "2010.10.17"]
[Round "1.4"]
[White "Diaz, Franck"]
[Black "Degraeve, Jean Marc"]
[Result "0-1"]
[WhiteElo "2186"]
[BlackElo "2561"]
[PlyCount "45"]
[EventDate "2010.10.17"]
[EventType "team-match"]
[EventRounds "9"]
[EventCountry "FRA"]
[Source "FFE"]
[SourceDate "2010.10.29"]
[BlackTeamCountry "FRA"]

1. e4 Nf6 2. Nc3 e5 3. a3 Bc5 4. Nf3 d6 5. h3 Nbd7 6. g3 Nf8 7. d4 exd4 8. Nxd4
Qe7 9. Bg2 d5 10. O-O dxe4 11. Bg5 Qe5 12. Bxf6 Qxf6 13. Nb3 Be7 14. Nd5 Qd6
15. Nxe7 Qxe7 16. Bxe4 Ne6 17. Re1 O-O 18. Qh5 g6 19. Qe5 Qg5 20. Bg2 Qxe5 21.
Rxe5 Rb8 22. Rd1 b6 23. h4 {suite illisible} 0-1

[Event "FRA T I 120102011"]
[Site "FRA"]
[Date "2010.10.17"]
[Round "1.2"]
[White "Suarez Real, Alberto"]
[Black "Llanes Hurtado, Miguel"]
[Result "0-1"]
[WhiteElo "2392"]
[BlackElo "2474"]
[PlyCount "46"]
[EventDate "2010.10.17"]
[EventType "team-match"]
[EventRounds "9"]
[EventCountry "FRA"]
[Source "FFE"]
[SourceDate "2010.10.29"]
[BlackTeamCountry "FRA"]

1. e4 e6 2. d4 d5 3. Nd2 Nf6 4. Bd3 c5 5. e5 Nfd7 6. c3 Nc6 7. Ne2 cxd4 8. cxd4
f6 9. exf6 Qxf6 10. Nf3 h6 11. O-O Bd6 12. b3 O-O 13. Bb2 Rd8 14. Qd2 Nf8 15.
Rfe1 Bd7 16. Nc3 Rac8 17. a3 Bc7 18. b4 a6 19. Ne5 Nxe5 20. dxe5 Qf7 21. Re3
Bb5 22. Rf3 Qe8 23. Bxb5 axb5 {suite illisible} 0-1

[Event "FRA T I 120102011"]
[Site "FRA"]
[Date "2010.10.17"]
[Round "1.7"]
[White "Choisy, Mathilde"]
[Black "Vesin, Jean Robert"]
[Result "1-0"]
[WhiteElo "2168"]
[BlackElo "2214"]
[PlyCount "41"]
[EventDate "2010.10.17"]
[EventType "team-match"]
[EventRounds "9"]
[EventCountry "FRA"]
[Source "FFE"]
[SourceDate "2010.10.29"]
[BlackTeamCountry "FRA"]

1. e4 c5 2. b3 Nf6 3. e5 Nd5 4. Bb2 Nc6 5. Nf3 d6 6. Bb5 Nc7 7. Bxc6+ bxc6 8.
exd6 exd6 9. O-O Be7 10. h3 O-O 11. c4 d5 12. d3 Bf5 13. Ne5 Bf6 14. Qf3 Bd7
15. Nd2 Re8 16. Rae1 Re6 17. Qg3 Qe7 18. Ndf3 Re8 19. Nxd7 Qxd7 20. Bxf6 Rxf6
21. Qxc7 1-0

[Event "FRA T I 120102011"]
[Site "FRA"]
[Date "2010.10.17"]
[Round "1.2"]
[White "Charnushevich, Aliaksei"]
[Black "Monsieux, Cyril"]
[Result "1-0"]
[WhiteElo "2496"]
[BlackElo "2301"]
[PlyCount "37"]
[EventDate "2010.10.17"]
[EventType "team-match"]
[EventRounds "9"]
[EventCountry "FRA"]
[Source "FFE"]
[SourceDate "2010.10.29"]
[BlackTeamCountry "FRA"]

1. d4 Nf6 2. Nf3 e6 3. c4 b6 4. e3 Bb4+ 5. Nc3 Bb7 6. Bd3 O-O 7. O-O c5 8. a3
cxd4 9. axb4 dxc3 10. bxc3 d5 11. cxd5 exd5 12. Bb2 Nbd7 13. c4 dxc4 14. Bxc4
a6 15. Qd6 b5 16. Bb3 Qb8 17. Rfd1 h6 18. Nh4 Rd8 19. Qe7 1-0

[Event "FRA T I 120102011"]
[Site "FRA"]
[Date "2010.10.17"]
[Round "1.3"]
[White "Riff, Vincent"]
[Black "Crut, Aurelien"]
[Result "1/2-1/2"]
[WhiteElo "2380"]
[BlackElo "2319"]
[PlyCount "36"]
[EventDate "2010.10.17"]
[EventType "team-match"]
[EventRounds "9"]
[EventCountry "FRA"]
[Source "FFE"]
[SourceDate "2010.10.29"]
[BlackTeamCountry "FRA"]

1. Nf3 d5 2. e3 Nf6 3. c4 e6 4. b3 c5 5. cxd5 exd5 6. Be2 Nc6 7. O-O Bd6 8. Bb2
O-O 9. d3 Qe7 10. Nbd2 Bg4 11. Re1 Rfe8 12. a3 Ne5 13. Nxe5 Bxe2 14. Qxe2 Bxe5
15. Bxe5 Qxe5 16. d4 Qd6 17. dxc5 Qxc5 18. b4 Qc3 1/2-1/2

[Event "FRA T I 120102011"]
[Site "FRA"]
[Date "2010.11.13"]
[Round "2.8"]
[White "Cayla, Jonathan"]
[Black "Colombi Gamrat, Marie Pierre"]
[Result "1-0"]
[WhiteElo "1965"]
[BlackElo "1830"]
[PlyCount "24"]
[EventDate "2010.10.17"]
[EventType "team-match"]
[EventRounds "9"]
[EventCountry "FRA"]
[Source "FFE"]
[SourceDate "2010.10.29"]
[BlackTeamCountry "FRA"]

1. d4 d5 2. Bg5 h6 3. Bh4 g5 4. Bg3 Bg7 5. e3 a6 6. c4 c5 7. Nf3 Qa5+ 8. Nc3
dxc4 9. Bxc4 Qb4 10. Qa4+ Qxa4 11. Nxa4 Nd7 12. dxc5 Ne5 {suite illisible} 1-0

[Event "FRA T I 120102011"]
[Site "FRA"]
[Date "2010.11.13"]
[Round "2.3"]
[White "Crut, Aurelien"]
[Black "Sulava, Nenad"]
[Result "0-1"]
[WhiteElo "2320"]
[BlackElo "2561"]
[PlyCount "22"]
[EventDate "2010.10.17"]
[EventType "team-match"]
[EventRounds "9"]
[EventCountry "FRA"]
[Source "FFE"]
[SourceDate "2010.10.29"]
[BlackTeamCountry "FRA"]

1. e4 c5 2. Nf3 a6 3. c3 g6 4. d4 cxd4 5. cxd4 d5 6. e5 Nc6 7. Nc3 Bg4 8. Be3
e6 9. Be2 Nge7 10. a3 Bxf3 11. Bxf3 Bg7 {suite illisible} 0-1

[Event "FRA T I 120102011"]
[Site "FRA"]
[Date "2010.11.13"]
[Round "2.4"]
[White "Houska, Jovanka"]
[Black "Gaborit, Jean Pierre"]
[Result "1-0"]
[WhiteElo "2421"]
[BlackElo "2218"]
[PlyCount "201"]
[EventDate "2010.10.17"]
[EventType "team-match"]
[EventRounds "9"]
[EventCountry "FRA"]
[Source "FFE"]
[SourceDate "2010.10.29"]
[BlackTeamCountry "FRA"]

1. d4 Nf6 2. Nf3 g6 3. c4 Bg7 4. g3 O-O 5. Bg2 c6 6. O-O d5 7. Qb3 dxc4 8. Qxc4
Be6 9. Qa4 b5 10. Qc2 Bf5 11. Qd1 Be4 12. Nc3 Bd5 13. Nxd5 cxd5 14. Ne5 Qb6 15.
a4 e6 16. a5 Qb7 17. Nd3 Nfd7 18. e3 a6 19. Bd2 Nc6 20. Rc1 Rfc8 21. h4 Ne7 22.
Qb3 Rxc1 23. Rxc1 Rc8 24. Rxc8+ Qxc8 25. Nb4 Nb8 26. Bf1 Bf8 27. h5 Nf5 28.
hxg6 hxg6 29. Nd3 Nc6 30. Qc2 Qb7 31. Nc5 Qa8 32. Nd7 Bd6 33. Bg2 Kg7 34. Bc3
b4 35. Bd2 Nxa5 36. Bf1 Nc6 37. Qa4 Qc8 38. Nb6 Qc7 39. Qxa6 Nb8 40. Qb5 Qc2
41. Bxb4 Qxb2 42. Bxd6 Qxb5 43. Be5+ f6 44. Bxf6+ Kxf6 45. Bxb5 Nd6 46. Bd3 g5
47. Kg2 Nf5 48. Kh3 Nh6 49. Bb5 Ke7 50. Na4 Nd7 51. Bxd7 Kxd7 52. Nc5+ Ke7 53.
Nd3 Kf6 54. Ne5 Nf5 55. Kg4 Nd6 56. Nd7+ Ke7 57. Nc5 Kf6 58. Kh5 Nc4 59. Nd7+
Ke7 60. Ne5 Nd2 61. Kg4 Kf6 62. Nd7+ Ke7 63. Nc5 Kf6 64. Kh5 Nf3 65. g4 Nd2 66.
Kh6 Nf1 67. e4 Nd2 68. e5+ Kf7 69. Nb7 Nf3 70. Nd6+ Ke7 71. Nb5 Kf7 72. Nd6+
Ke7 73. Kg6 Nxd4 74. Kxg5 Nf3+ 75. Kf4 Nh4 76. Ke3 Ng2+ 77. Kf3 Nh4+ 78. Kg3
Ng6 79. f4 Kd7 80. Nb5 Ke8 81. Nd4 Kf7 82. Kf3 Nh4+ 83. Kf2 Ng6 84. Ke3 Nh4 85.
Ne2 Ng2+ 86. Kd3 Ne1+ 87. Kd4 Ke7 88. Ng1 Ng2 89. Nh3 Nh4 90. Ng5 Kd7 91. Nh3
Kc6 92. Ng5 Kd7 93. Ke3 Ng2+ 94. Kf3 Nh4+ 95. Kg3 Ng6 96. Nf3 Ke7 97. f5 exf5
98. gxf5 Nf8 99. Kf4 Nd7 100. Nd4 Nc5 101. f6+ 1-0

[Event "FRA T I 120102011"]
[Site "FRA"]
[Date "2010.11.13"]
[Round "2.3"]
[White "Demanghon, Jonathan"]
[Black "Leriche, Luc"]
[Result "1-0"]
[WhiteElo "2181"]
[BlackElo "1968"]
[PlyCount "167"]
[EventDate "2010.10.17"]
[EventType "team-match"]
[EventRounds "9"]
[EventCountry "FRA"]
[Source "FFE"]
[SourceDate "2010.10.29"]
[BlackTeamCountry "FRA"]

1. d4 Nf6 2. c4 c5 3. d5 b5 4. Nf3 g6 5. cxb5 a6 6. b6 Qxb6 7. Nc3 d6 8. e4
Nbd7 9. Nd2 Bg7 10. Nc4 Qc7 11. Bf4 Nh5 12. Bg5 h6 13. Be3 Nb6 14. Qd2 Nf6 15.
h3 Rb8 16. Na3 Nbd7 17. Nc4 Nb6 18. Rc1 Nxc4 19. Bxc4 Qa5 20. b3 Nd7 21. O-O
Ne5 22. Be2 g5 23. f4 gxf4 24. Rxf4 Ng6 25. Rf2 Qb4 26. Bh5 Bxc3 27. Qxc3 Qxc3
28. Rxc3 a5 29. Bd2 Ne5 30. Rg3 Kf8 31. Bxa5 Ba6 32. Bc3 Rh7 33. Bxe5 dxe5 34.
Rc3 Rb4 35. Be2 Bb7 36. Bf3 e6 37. dxe6 f6 38. Rxc5 Re7 39. Bg4 Kg7 40. Rd2
Bxe4 41. Rd7 Rb7 42. Rxb7 Bxb7 43. Bf3 Bxf3 44. gxf3 Ra7 45. a4 Rb7 46. Rb5 Re7
47. Rb6 f5 48. a5 Kf6 49. a6 e4 50. fxe4 fxe4 51. Kf2 Ke5 52. Ke3 Rg7 53. Rb5+
Kxe6 54. Kxe4 Rg1 55. Ra5 Re1+ 56. Kf3 Rf1+ 57. Ke2 Rf8 58. a7 Ra8 59. Ke3 Kd7
60. Ra6 h5 61. b4 Kc7 62. Rh6 Kb7 63. Rh7+ Kb6 64. Kd4 Rd8+ 65. Kc4 Rc8+ 66.
Kb3 Ra8 67. Ka4 h4 68. Rh6+ Kxa7 69. Ka5 Kb7+ 70. Kb5 Rf8 71. Rh7+ Kc8 72. Ka6
Rf6+ 73. Ka5 Rf3 74. Rxh4 Kc7 75. Rh6 Ra3+ 76. Kb5 Rf3 77. Rh7+ Kb8 78. Ka6
Rf6+ 79. Ka5 Rf1 80. b5 Rf5 81. Ka6 Rf8 82. b6 Rg8 83. h4 Kc8 84. Ka7 1-0

[Event "FRA T I 120102011"]
[Site "FRA"]
[Date "2010.11.14"]
[Round "3.6"]
[White "Le Montagner, Yoann"]
[Black "Le Hetet, Nicolas"]
[Result "1/2-1/2"]
[WhiteElo "1999"]
[BlackElo "2109"]
[PlyCount "155"]
[EventDate "2010.10.17"]
[EventType "team-match"]
[EventRounds "9"]
[EventCountry "FRA"]
[Source "FFE"]
[SourceDate "2010.10.29"]
[BlackTeamCountry "FRA"]

1. e4 c5 2. Nf3 Nc6 3. d4 cxd4 4. Nxd4 e5 5. Nb5 d6 6. c4 Be7 7. Be2 Be6 8. O-O
Rc8 9. b3 a6 10. N5c3 Nf6 11. Be3 O-O 12. Bf3 h6 13. Nd5 Bxd5 14. exd5 Nd4 15.
Na3 Nd7 16. Nc2 Nxc2 17. Qxc2 Bg5 18. Bg4 Bxe3 19. fxe3 Rc7 20. Bxd7 Qxd7 21.
a4 b5 22. axb5 axb5 23. Qd3 bxc4 24. bxc4 Rfc8 25. Rfc1 g6 26. Ra6 Kg7 27. h3
Rc5 28. Qa3 Qc7 29. Rf1 Qd7 30. Qb4 Qc7 31. Rb6 Rxc4 32. Qxd6 Qxd6 33. Rxd6
R8c7 34. Rd8 Rc2 35. d6 Rb7 36. Rf2 Rb1+ 37. Rf1 Rbb2 38. Rd1 Rxg2+ 39. Kh1
Rh2+ 40. Kg1 Rhg2+ 41. Kf1 Rh2 42. Kg1 Rbg2+ 43. Kf1 Rh1+ 44. Kxg2 Rxd1 45. Kf3
Kf6 46. d7 Ke7 47. Re8+ Kxd7 48. Rxe5 Rd6 49. Ra5 Rf6+ 50. Ke4 Rf1 51. h4 h5
52. Ra7+ Ke6 53. Ra6+ Ke7 54. Ke5 Rf5+ 55. Ke4 Rb5 56. Ra7+ Kf6 57. Ra6+ Kg7
58. Ra4 Rb1 59. Kf3 Rg1 60. Rb4 Kh6 61. Ra4 f5 62. Ra2 Rg4 63. Rh2 Kg7 64. Rh1
Kf6 65. Rh2 Ke5 66. Rh1 Ra4 67. Rg1 Rg4 68. Rh1 Kf6 69. Rh2 Ke6 70. Rh1 Ke5 71.
Rh2 f4 72. exf4+ Rxf4+ 73. Kg3 Rg4+ 74. Kf3 Kf5 75. Rh1 Ra4 76. Kf2 Ra2+ 77.
Kg3 Ra3+ 78. Kh2 1/2-1/2

[Event "FRA T I 120102011"]
[Site "FRA"]
[Date "2010.10.17"]
[Round "1.4"]
[White "Cotonnec, Melkior"]
[Black "Pietrasanta, Jeremy"]
[Result "0-1"]
[WhiteElo "2315"]
[BlackElo "2275"]
[PlyCount "152"]
[EventDate "2010.10.17"]
[EventType "team-match"]
[EventRounds "9"]
[EventCountry "FRA"]
[Source "FFE"]
[SourceDate "2010.10.29"]
[BlackTeamCountry "FRA"]

1. e4 g6 2. d4 Bg7 3. Nc3 c6 4. f4 d5 5. e5 Nh6 6. Nf3 Bg4 7. Be2 Nf5 8. O-O e6
9. h3 Bxf3 10. Rxf3 Qb6 11. Rd3 h5 12. Rb1 Nd7 13. b4 h4 14. Na4 Qc7 15. Rc3
Bf8 16. Nc5 a6 17. a4 b5 18. Nxd7 Qxd7 19. Ra3 Rc8 20. axb5 axb5 21. c3 Be7 22.
Bd2 Kf8 23. Rba1 Kg7 24. Bd3 Ng3 25. Be1 Nf5 26. Bf2 Rc7 27. Ra6 Bd8 28. Kh2
Ne7 29. Qg4 Nc8 30. Be1 Rb7 31. R6a2 Rb8 32. Rf2 Rh5 33. Bd2 Nb6 34. Raf1 Kf8
35. Qe2 Ra8 36. Rc1 Rh7 37. Rff1 Kg7 38. Qg4 Rh5 39. Qd1 Be7 40. Qb3 Nc4 41.
Bxc4 dxc4 42. Qb2 Qd5 43. Ra1 Rxa1 44. Qxa1 Qe4 45. Qb1 Qd5 46. Qc2 Rf5 47. Bc1
Rh5 48. Be3 Rf5 49. Qe2 Rh5 50. Bd2 Rh8 51. Ra1 Rd8 52. Ra2 Rd7 53. Kg1 Rc7 54.
Kf2 Qd7 55. Qf3 Ra7 56. Rxa7 Qxa7 57. Qxc6 Qa2 58. Ke2 Qc2 59. Qf3 g5 60. Qe3
gxf4 61. Qxf4 Bxb4 62. Qg5+ Kf8 63. Qh6+ Ke8 64. cxb4 c3 65. Qe3 cxd2 66. Qxd2
Qb1 67. Kf3 Qb3+ 68. Ke4 Qd5+ 69. Kf4 Qb3 70. Ke4 Kd7 71. d5 Qc4+ 72. Qd4 exd5+
73. Ke3 Qxd4+ 74. Kxd4 Ke6 75. Kc5 Kxe5 76. Kxb5 d4 0-1

[Event "FRA T I 120102011"]
[Site "FRA"]
[Date "2010.11.14"]
[Round "3.3"]
[White "Daurelle, Herve"]
[Black "Giacomini, Hector"]
[Result "0-1"]
[WhiteElo "2297"]
[BlackElo "2272"]
[PlyCount "150"]
[EventDate "2010.10.17"]
[EventType "team-match"]
[EventRounds "9"]
[EventCountry "FRA"]
[Source "FFE"]
[SourceDate "2010.10.29"]
[BlackTeamCountry "FRA"]

1. e4 c6 2. c4 d5 3. exd5 cxd5 4. cxd5 Qxd5 5. Nc3 Qd8 6. d4 Nf6 7. Nf3 e6 8.
Bd3 Be7 9. O-O O-O 10. Re1 Nc6 11. a3 b6 12. Bc2 Bb7 13. Qd3 g6 14. Bh6 Re8 15.
Rad1 Rc8 16. Bb3 Na5 17. Ba2 Bd5 18. Nxd5 Nxd5 19. Ne5 Bf8 20. Bd2 Nc6 21. Qf3
Nxe5 22. dxe5 Ne7 23. Bc3 Qc7 24. Qe4 Red8 25. g3 Qc6 26. Qxc6 Nxc6 27. f4 b5
28. Bb3 Bc5+ 29. Kg2 Bd4 30. Re2 Bxc3 31. bxc3 Na5 32. Rxd8+ Rxd8 33. Ba2 Rc8
34. Rc2 Nc4 35. Bxc4 Rxc4 36. Kf2 Ra4 37. Ra2 Kf8 38. Ke2 Ke7 39. Kd3 Kd7 40.
Kc2 h5 41. Kb3 h4 42. Rd2+ Kc7 43. Rf2 hxg3 44. hxg3 Rc4 45. Rh2 Kb6 46. a4 Rc7
47. axb5 Kxb5 48. Rh8 Kc5 49. Rd8 Rb7+ 50. Kc2 Kc6 51. Rd6+ Kc5 52. Rd8 Kb5 53.
g4 a5 54. f5 gxf5 55. gxf5 exf5 56. Rd5+ Kb6 57. Rd6+ Kc5 58. Rf6 Kd5 59. Rxf5
Ke4 60. Rh5 Re7 61. e6 f5 62. Rh4+ f4 63. Kd2 Rxe6 64. Ke2 Rb6 65. Rh5 Rb2+ 66.
Kf1 Ke3 67. Rxa5 Rb1+ 68. Kg2 f3+ 69. Kg3 Rg1+ 70. Kh2 f2 71. Re5+ Kd3 72. Rd5+
Kxc3 73. Rf5 f1=Q 74. Rc5+ Kb4 75. Rb5+ Qxb5 0-1

[Event "FRA T I 120102011"]
[Site "FRA"]
[Date "2010.11.13"]
[Round "2.6"]
[White "Garnier, Teddy"]
[Black "Le Montagner, Yoann"]
[Result "1/2-1/2"]
[WhiteElo "1938"]
[BlackElo "1999"]
[PlyCount "144"]
[EventDate "2010.10.17"]
[EventType "team-match"]
[EventRounds "9"]
[EventCountry "FRA"]
[Source "FFE"]
[SourceDate "2010.10.29"]
[BlackTeamCountry "FRA"]

1. e4 c5 2. c3 d5 3. exd5 Qxd5 4. d4 Nf6 5. Nf3 Bg4 6. Qa4+ Bd7 7. Qb3 cxd4 8.
Nxd4 Nc6 9. Be3 Nxd4 10. Bxd4 Bc6 11. Na3 Qe4+ 12. Be2 e5 13. Be3 Bxa3 14. Qxa3
Nd5 15. Bf3 Qg6 16. O-O-O Nxe3 17. Bxc6+ Qxc6 18. fxe3 a6 19. Rhf1 f6 20. Rd2
Rd8 21. Rfd1 Rxd2 22. Rxd2 Qc4 23. Qd6 Kf7 24. Qd7+ Kg6 25. Qxb7 Qxa2 26. Rd7
Rg8 27. Qe4+ Kh6 28. g4 Qe6 29. Rd2 Rc8 30. Rg2 Rc4 31. Qf3 g6 32. e4 Qc6 33.
Re2 Rb4 34. h4 Rb8 35. Rf2 Kg7 36. g5 Rf8 37. h5 f5 38. h6+ Kg8 39. Qd3 f4 40.
Kc2 Rc8 41. Rd2 Rf8 42. Kd1 Qe6 43. Qd5 Qxd5 44. Rxd5 Rb8 45. b4 Rb7 46. Kd2
Kf7 47. Rxe5 Rc7 48. Ra5 Rc6 49. b5 axb5 50. Ra7+ Ke6 51. Rxh7 Rc5 52. Rg7 Rxg5
53. h7 Rh5 54. Rxg6+ Kf7 55. Rb6 Rxh7 56. Rxb5 Ke6 57. Rf5 Rh2+ 58. Kd3 Rf2 59.
c4 Kd6 60. c5+ Kc6 61. Kd4 Rd2+ 62. Ke5 Kxc5 63. Rxf4 Kc6 64. Rf7 Re2 65. Rh7
Re1 66. Kf5 Kd6 67. Rh6+ Ke7 68. Ke5 Ra1 69. Rh7+ Ke8 70. Kf5 Ra6 71. e5 Rb6
72. e6 Rb1 1/2-1/2

[Event "FRA T I 120102011"]
[Site "FRA"]
[Date "2010.11.14"]
[Round "3.3"]
[White "Le Roy, Brice"]
[Black "Stephan, Jean Marie"]
[Result "0-1"]
[WhiteElo "2310"]
[BlackElo "2248"]
[PlyCount "141"]
[EventDate "2010.10.17"]
[EventType "team-match"]
[EventRounds "9"]
[EventCountry "FRA"]
[Source "FFE"]
[SourceDate "2010.10.29"]
[WhiteTeam "Bois-Colombes"]
[BlackTeam "Sautron"]
[WhiteTeamCountry "FRA"]
[BlackTeamCountry "FRA"]

1. e4 c5 2. Nf3 d6 3. d4 cxd4 4. Nxd4 Nf6 5. Nc3 a6 6. g3 Bd7 7. Bg2 Nc6 8.
Nxc6 Bxc6 9. O-O e6 10. Qe2 Be7 11. e5 dxe5 12. Bxc6+ bxc6 13. Qxe5 O-O 14. Qe2
Qa5 15. Bf4 Qf5 16. Rad1 h5 17. Bd6 Bxd6 18. Rxd6 Qc5 19. Rfd1 Qb4 20. Qd3 Qxb2
21. Rxc6 Qb4 22. Rc4 Qa5 23. Ra4 Qe5 24. Ne4 Nxe4 25. Rxe4 Qa5 26. Qe2 Rfd8 27.
Red4 Rxd4 28. Rxd4 Qxa2 29. Rd7 Qb1+ 30. Kg2 Qb5 31. Qf3 Rf8 32. Rb7 Qc4 33.
Ra7 Qb5 34. Rb7 Qc5 35. h4 Qxc2 36. Qxh5 Qe4+ 37. Qf3 Qxf3+ 38. Kxf3 Ra8 39.
Rb4 a5 40. Ra4 f6 41. g4 Kf7 42. Ke4 Ke7 43. Kd3 Kd6 44. Kc3 e5 45. Kb3 Kd5 46.
f3 Ra7 47. Ra1 a4+ 48. Ka3 e4 49. fxe4+ Kxe4 50. Rf1 Ke5 51. Rf5+ Ke6 52. Rf4
g6 53. Re4+ Kf7 54. Rb4 f5 55. gxf5 gxf5 56. Rf4 Kf6 57. Rf1 Ke5 58. Re1+ Kf4
59. Rf1+ Kg4 60. h5 f4 61. h6 Rh7 62. Kxa4 Rxh6 63. Kb3 Rc6 64. Rg1+ Kf3 65.
Rg7 Kf2 66. Rf7 f3 67. Re7 Kf1 68. Rf7 f2 69. Rh7 Rg6 70. Rh1+ Kg2 71. Rh6 0-1

[Event "FRA T I 120102011"]
[Site "FRA"]
[Date "2010.11.13"]
[Round "2.6"]
[White "Sorbe, Stephane"]
[Black "Pel, Bonno"]
[Result "1-0"]
[WhiteElo "2352"]
[BlackElo "2279"]
[PlyCount "123"]
[EventDate "2010.10.17"]
[EventType "team-match"]
[EventRounds "9"]
[EventCountry "FRA"]
[Source "FFE"]
[SourceDate "2010.10.29"]
[WhiteTeamCountry "FRA"]
[BlackTeamCountry "FRA"]

1. e4 d6 2. Nc3 g6 3. g3 Bg7 4. Bg2 a6 5. f4 b5 6. Nf3 Bb7 7. d3 e6 8. O-O Ne7
9. Be3 Nd7 10. Qd2 c5 11. Rae1 Qc7 12. Qf2 O-O 13. g4 d5 14. exd5 exd5 15. Bc1
Nf6 16. Qh4 b4 17. Ne2 d4 18. f5 gxf5 19. gxf5 Nxf5 20. Qg5 Ne3 21. Bxe3 dxe3
22. Nh4 h6 23. Qxe3 Bxg2 24. Nxg2 Rae8 25. Qf3 Nd7 26. b3 Kh8 27. Ng3 Bd4+ 28.
Kh1 Rxe1 29. Rxe1 Bc3 30. Re7 Qd8 31. Rxf7 Rxf7 32. Qxf7 Ne5 33. Qf5 Qd5 34.
Ne4 Bd4 35. Qf8+ Qg8 36. Qxh6+ Qh7 37. Qxh7+ Kxh7 38. Nf4 Nf3 39. Ne6 Be3 40.
N4xc5 Ne1 41. Nxa6 Nxc2 42. Nec7 Kg6 43. Nd5 Bd2 44. Kg2 Kf5 45. Kf3 Ke5 46.
Ke2 Bg5 47. Naxb4 Nd4+ 48. Kf2 Bh4+ 49. Kg2 Kd6 50. Ne3 Kc5 51. Nbc2 Ne2 52.
d4+ Kc6 53. d5+ Kd7 54. a4 Nc3 55. Nd4 Bf6 56. Ndf5 Ne4 57. a5 Bc3 58. a6 Kc7
59. d6+ Kb8 60. Nd5 Ba5 61. b4 Bd8 62. b5 1-0

[Event "FRA T I 120102011"]
[Site "FRA"]
[Date "2010.11.13"]
[Round "2.7"]
[White "Stephan, Jean Marie"]
[Black "Emmenecker, Philippe"]
[Result "0-1"]
[WhiteElo "2248"]
[BlackElo "2193"]
[PlyCount "118"]
[EventDate "2010.10.17"]
[EventType "team-match"]
[EventRounds "9"]
[EventCountry "FRA"]
[Source "FFE"]
[SourceDate "2010.10.29"]
[WhiteTeamCountry "FRA"]
[BlackTeamCountry "FRA"]

1. e4 c5 2. Nf3 Nc6 3. Nc3 Nf6 4. Bb5 g6 5. Bxc6 dxc6 6. d3 Bg4 7. h3 Bxf3 8.
Qxf3 Nd7 9. O-O Bg7 10. Qg3 Qb6 11. Kh1 O-O-O 12. f4 Qc7 13. Be3 Bd4 14. Bxd4
cxd4 15. Ne2 Nf6 16. c3 dxc3 17. bxc3 h5 18. Rfb1 Kb8 19. Qe3 Qa5 20. Rb4 Rd7
21. Nd4 Ka8 22. Nb3 Ng4 23. hxg4 hxg4+ 24. Kg1 Qh5 25. Qg3 c5 26. Rc4 b6 27.
Kf2 Rhd8 28. d4 g5 29. f5 e6 30. f6 Qg6 31. Qxg4 Qxf6+ 32. Qf3 Qg6 33. Rh1 g4
34. Qf4 f5 35. e5 Rg8 36. Rh6 g3+ 37. Ke2 Qe8 38. Qf3+ Rd5 39. a4 Rg4 40. Nd2
Kb8 41. Qe3 Qg8 42. Ke1 Qe8 43. Rh7 Qc6 44. Rh8+ Kb7 45. Rh7+ Kb8 46. dxc5 Rxc4
47. Nxc4 Qxa4 48. Rh8+ Kb7 49. Rh7+ Ka6 50. Nd2 Rxc5 51. Qd3+ Rb5 52. Qd4 Qa1+
53. Ke2 Qa2 54. Qc4 Qxc4+ 55. Nxc4 Rc5 56. Kd3 b5 57. Nd2 Rxe5 58. Rg7 Ka5 59.
Kc2 b4 {suite illisible} 0-1

[Event "FRA T I 120102011"]
[Site "FRA"]
[Date "2010.11.14"]
[Round "3.1"]
[White "Roser, Kevin"]
[Black "Delaunay, Sebastien"]
[Result "1/2-1/2"]
[WhiteElo "2433"]
[BlackElo "2358"]
[PlyCount "115"]
[EventDate "2010.10.17"]
[EventType "team-match"]
[EventRounds "9"]
[EventCountry "FRA"]
[Source "FFE"]
[SourceDate "2010.10.29"]
[BlackTeam "Nantes"]
[WhiteTeamCountry "FRA"]
[BlackTeamCountry "FRA"]

1. e4 c6 2. d4 d5 3. Nc3 dxe4 4. Nxe4 Bf5 5. Ng3 Bg6 6. h4 h6 7. Nf3 Nd7 8. h5
Bh7 9. Bd3 Bxd3 10. Qxd3 e6 11. Bd2 Ngf6 12. O-O-O Be7 13. Qe2 c5 14. Rhe1 O-O
15. Nf5 exf5 16. Qxe7 Re8 17. Qxd8 Raxd8 18. Rxe8+ Rxe8 19. dxc5 Nxc5 20. Be3
Ne6 21. Bxa7 Ra8 22. Bd4 Nxh5 23. Kb1 Rd8 24. c3 Nf6 25. Kc2 Ne4 26. a4 g5 27.
a5 f4 28. Bb6 Rxd1 29. Kxd1 Kf8 30. Ke2 Ke7 31. Nd4 Ng7 32. c4 Kd7 33. b4 Ne8
34. Nf5 Ke6 35. Nd4+ Kd7 36. Nf5 Ke6 37. Nd4+ Kd7 38. b5 N8d6 39. f3 Nf6 40.
Kd3 h5 41. c5 Nc8 42. a6 bxa6 43. bxa6 Nxb6 44. cxb6 Nd5 45. Ke4 Nxb6 46. Kf5
Kc7 47. Kxg5 Nd5 48. Ne2 f6+ 49. Kxh5 Kb6 50. Kg4 Ne3+ 51. Kh3 Nd5 52. Kg4 Ne3+
53. Kxf4 Nxg2+ 54. Ke4 Nh4 55. f4 Ng2 56. Kf5 Nxf4 57. Nxf4 Kxa6 58. Kxf6
1/2-1/2